<?xml version="1.0" encoding="UTF-8"?>
<record
    xmlns:xsi="http://www.w3.org/2001/XMLSchema-instance"
    xsi:schemaLocation="http://www.loc.gov/MARC21/slim http://www.loc.gov/standards/marcxml/schema/MARC21slim.xsd"
    xmlns="http://www.loc.gov/MARC21/slim">

  <leader>00878nam a2200253 a 4500</leader>
  <controlfield tag="001">BRL_476</controlfield>
  <controlfield tag="005">20190320210747.0</controlfield>
  <controlfield tag="008">190813s1948----gt-ab#####---#000-0#spa-#</controlfield>
  <datafield tag="041" ind1=" " ind2=" ">
    <subfield code="a">spa</subfield>
  </datafield>
  <datafield tag="044" ind1=" " ind2=" ">
    <subfield code="a">gt</subfield>
  </datafield>
  <datafield tag="050" ind1=" " ind2="4">
    <subfield code="a">F1465</subfield>
    <subfield code="b">.G85 1948</subfield>
  </datafield>
  <datafield tag="245" ind1="1" ind2="0">
    <subfield code="a">Gu&#xED;a del Museo Nacional de Arqueolog&#xED;a y Etnolog&#xED;a.</subfield>
  </datafield>
  <datafield tag="260" ind1=" " ind2=" ">
    <subfield code="a">Guatemala</subfield>
    <subfield code="b">Ministerio de Educaci&#xF3;n P&#xFA;blica</subfield>
    <subfield code="c">[1948]</subfield>
  </datafield>
  <datafield tag="300" ind1=" " ind2=" ">
    <subfield code="a">20 p.</subfield>
    <subfield code="b">il., 8 l&#xE1;minas, mapas</subfield>
    <subfield code="c">26 cm.</subfield>
  </datafield>
  <datafield tag="440" ind1=" " ind2="0">
    <subfield code="a">Publicaciones del Instituto de Antropolog&#xED;a</subfield>
    <subfield code="9">24030</subfield>
  </datafield>
  <datafield tag="500" ind1=" " ind2=" ">
    <subfield code="a">Estado f&#xED;sico: una hoja suelta</subfield>
  </datafield>
  <datafield tag="500" ind1=" " ind2=" ">
    <subfield code="a">Au472</subfield>
  </datafield>
  <datafield tag="610" ind1="2" ind2="4">
    <subfield code="a">Museo Nacional de Arqueolog&#xED;a y Etnolog&#xED;a (Guatemala)</subfield>
    <subfield code="v">Gu&#xED;as</subfield>
    <subfield code="9">24031</subfield>
  </datafield>
  <datafield tag="650" ind1="1" ind2="4">
    <subfield code="a">Museos</subfield>
    <subfield code="v">Gu&#xED;as</subfield>
    <subfield code="z">Guatemala</subfield>
    <subfield code="9">24032</subfield>
  </datafield>
  <datafield tag="650" ind1="1" ind2="4">
    <subfield code="a">Ind&#xED;genas de Am&#xE9;rica Central</subfield>
    <subfield code="v">Gu&#xED;as</subfield>
    <subfield code="x">Antig&#xFC;edades</subfield>
    <subfield code="z">Guatemala</subfield>
    <subfield code="9">24033</subfield>
  </datafield>
  <datafield tag="650" ind1="1" ind2="4">
    <subfield code="a">Mayas</subfield>
    <subfield code="v">Gu&#xED;as</subfield>
    <subfield code="x">Antig&#xFC;edades</subfield>
    <subfield code="9">24034</subfield>
  </datafield>
  <datafield tag="902" ind1=" " ind2=" ">
    <subfield code="a">GRL</subfield>
  </datafield>
  <datafield tag="942" ind1=" " ind2=" ">
    <subfield code="2">lcc</subfield>
    <subfield code="c">B</subfield>
  </datafield>
  <datafield tag="999" ind1=" " ind2=" ">
    <subfield code="c">9288</subfield>
    <subfield code="d">9288</subfield>
  </datafield>
  <datafield tag="952" ind1=" " ind2=" ">
    <subfield code="0">0</subfield>
    <subfield code="1">0</subfield>
    <subfield code="4">0</subfield>
    <subfield code="7">0</subfield>
    <subfield code="a">BRL</subfield>
    <subfield code="b">BRL</subfield>
    <subfield code="d">2013-08-19</subfield>
    <subfield code="i">Au472</subfield>
    <subfield code="l">0</subfield>
    <subfield code="o">F1465 .G85 1948 (Au472)</subfield>
    <subfield code="p">GRL00519</subfield>
    <subfield code="r">2019-03-22 00:00:00</subfield>
    <subfield code="w">2019-03-22</subfield>
    <subfield code="y">B</subfield>
  </datafield>
</record>
